[Event "Team Championship (men blitz)"]
[Site "Sochi"]
[Date "2017.10.05"]
[Round "14.2"]
[White "Andreikin, Dmitry"]
[Black "Nechaev, Oleg"]
[Result "1-0"]
[LiveChessVersion "1.4.8"]
[BlackElo "2284"]
[WhiteElo "2787"]

1. d4 {[%clk 0:03:03]} Nf6 {[%clk 0:03:03]} 2. Bg5 {[%clk 0:03:04]} Ne4
{[%clk 0:02:55]} 3. Bf4 d5 {[%clk 0:02:53]} 4. f3 {[%clk 0:03:06]} Nf6
{[%clk 0:02:49]} 5. Nc3 {[%clk 0:03:06]} g6 {[%clk 0:02:42]} 6. e4
{[%clk 0:03:03]} dxe4 {[%clk 0:02:41]} 7. fxe4 {[%clk 0:03:03]} Bg7
{[%clk 0:02:42]} 8. Qd2 {[%clk 0:03:02]} c5 {[%clk 0:02:34]} 9. d5
{[%clk 0:03:01]} O-O {[%clk 0:02:30]} 10. Nf3 {[%clk 0:02:59]} a6
{[%clk 0:02:08]} 11. O-O-O {[%clk 0:02:46]} Bg4 {[%clk 0:02:05]} 12. e5
{[%clk 0:02:26]} Nh5 {[%clk 0:02:06]} 13. Be2 {[%clk 0:02:17]} Nxf4
{[%clk 0:02:06]} 14. Qxf4 {[%clk 0:02:17]} Bxf3 {[%clk 0:02:03]} 15. Bxf3
{[%clk 0:02:18]} Nd7 {[%clk 0:02:03]} 16. Rhe1 {[%clk 0:02:19]} Qc7
{[%clk 0:02:02]} 17. d6 {[%clk 0:02:17]} exd6 {[%clk 0:02:03]} 18. exd6
{[%clk 0:02:16]} Qa5 {[%clk 0:02:00]} 19. Re7 {[%clk 0:01:59]} Bxc3
{[%clk 0:01:45]} 20. bxc3 {[%clk 0:01:40]} Nb6 {[%clk 0:01:37]} 21. Rxb7
{[%clk 0:01:38]} Qa3+ {[%clk 0:01:16]} 22. Kd2 {[%clk 0:01:37]} Rab8
{[%clk 0:01:08]} 23. Rxb8 {[%clk 0:01:20]} Rxb8 {[%clk 0:01:09]} 24. Ke2
{[%clk 0:01:17]} Qxc3 {[%clk 0:00:51]} 25. d7 {[%clk 0:01:15]} Rd8
{[%clk 0:00:44]} 26. Qc7 {[%clk 0:01:11]} Qxc2+ {[%clk 0:00:39]} 27. Kf1
{[%clk 0:00:59]} Rxd7 {[%clk 0:00:40]} 28. Rxd7 {[%clk 0:00:57]} Nxd7
{[%clk 0:00:40]} 29. Qxd7 {[%clk 0:00:57]} Qxa2 {[%clk 0:00:36]} 30. Qc8+
{[%clk 0:00:56]} Kg7 {[%clk 0:00:37]} 31. Qxc5 {[%clk 0:00:56]} Qa1+
{[%clk 0:00:35]} 32. Kf2 {[%clk 0:00:56]} a5 {[%clk 0:00:36]} 33. Bd5
{[%clk 0:00:21]} a4 {[%clk 0:00:32]} 34. Bc4 {[%clk 0:00:21]} a3 {[%clk 0:00:30]}
35. Qd5 {[%clk 0:00:22]} Qb2+ {[%clk 0:00:29]} 36. Kg3 {[%clk 0:00:23]} Qc3+
{[%clk 0:00:29]} 37. Kf2 {[%clk 0:00:23]} Qb2+ {[%clk 0:00:29]} 38. Kg3
{[%clk 0:00:21]} Qc3+ {[%clk 0:00:30]} 39. Kh4 {[%clk 0:00:19]} Qf6+
{[%clk 0:00:30]} 40. Kh3 {[%clk 0:00:18]} h5 {[%clk 0:00:24]} 41. g3
{[%clk 0:00:16]} a2 {[%clk 0:00:18]} 42. Bxa2 {[%clk 0:00:12]} Qf1+
{[%clk 0:00:17]} 43. Kh4 {[%clk 0:00:10]} Qf6+ {[%clk 0:00:16]} 44. Kh3
{[%clk 0:00:11]} Qf1+ {[%clk 0:00:17]} 45. Kh4 {[%clk 0:00:10]} Qf6+
{[%clk 0:00:18]} 46. Kh3 {[%clk 0:00:06]} Qf1+ {[%clk 0:00:17]} 47. Qg2
{[%clk 0:00:04]} Qf5+ {[%clk 0:00:14]} 48. g4 {[%clk 0:00:06]} Qd3+
{[%clk 0:00:03]} 49. Kh4 {[%clk 0:00:04]} hxg4 {[%clk 0:00:03]} 50. Qxg4
{[%clk 0:00:04]} Qd2 {[%clk 0:00:04]} 51. Qg3 {[%clk 0:00:03]} Qxa2
{[%clk 0:00:04]} 52. Qe5+ {[%clk 0:00:04]} Kg8 {[%clk 0:00:05]} 53. Qf4
{[%clk 0:00:05]} Qe6 {[%clk 0:00:06]} 54. Kg3 {[%clk 0:00:06]} Kg7
{[%clk 0:00:07]} 55. h4 {[%clk 0:00:06]} Qd5 {[%clk 0:00:08]} 56. Qb4
{[%clk 0:00:06]} Qd3+ {[%clk 0:00:10]} 57. Kg2 {[%clk 0:00:07]} Qf5
{[%clk 0:00:11]} 58. Qd4+ {[%clk 0:00:08]} Kh7 {[%clk 0:00:12]} 59. Qc4
{[%clk 0:00:08]} Qe6 {[%clk 0:00:12]} 60. Qd4 {[%clk 0:00:09]} Kh6
{[%clk 0:00:13]} 61. Qh8# {[%clk 0:00:10]} 1-0

[Event "Team Championship (men blitz)"]
[Site "Sochi"]
[Date "2017.10.05"]
[Round "14.3"]
[White "Rozhko, Dmitry"]
[Black "Riazantsev, Alexander"]
[Result "1/2-1/2"]
[LiveChessVersion "1.4.8"]
[BlackElo "2670"]
[WhiteElo "2261"]

1. e4 {[%clk 0:03:03]} c6 {[%clk 0:03:04]} 2. d4 {[%clk 0:03:04]} d5
{[%clk 0:03:05]} 3. exd5 {[%clk 0:03:05]} cxd5 {[%clk 0:03:06]} 4. Bd3
{[%clk 0:03:05]} Nc6 {[%clk 0:03:08]} 5. c3 {[%clk 0:03:07]} e6 {[%clk 0:03:09]}
6. Nf3 {[%clk 0:03:05]} Bd6 {[%clk 0:03:11]} 7. O-O {[%clk 0:03:04]} Nge7
{[%clk 0:03:12]} 8. Bg5 {[%clk 0:03:03]} f6 {[%clk 0:03:13]} 9. Bh4
{[%clk 0:03:04]} g5 {[%clk 0:02:58]} 10. Bg3 {[%clk 0:03:04]} h5 {[%clk 0:02:57]}
11. Bxd6 {[%clk 0:02:55]} Qxd6 {[%clk 0:02:59]} 12. Nbd2 {[%clk 0:02:49]} Bd7
{[%clk 0:02:48]} 13. b4 {[%clk 0:02:32]} h4 {[%clk 0:02:43]} 14. a4
{[%clk 0:02:21]} Kf7 {[%clk 0:02:36]} 15. Ne1 {[%clk 0:02:10]} Ng6
{[%clk 0:02:08]} 16. Bxg6+ {[%clk 0:02:00]} Kxg6 {[%clk 0:02:09]} 17. Nd3
{[%clk 0:02:00]} e5 {[%clk 0:01:57]} 18. dxe5 {[%clk 0:01:51]} fxe5
{[%clk 0:01:58]} 19. Nc5 {[%clk 0:01:49]} b6 {[%clk 0:01:23]} 20. Nxd7
{[%clk 0:01:32]} Qxd7 {[%clk 0:01:24]} 21. Qc2+ {[%clk 0:01:01]} Qf5
{[%clk 0:01:24]} 22. Qxf5+ {[%clk 0:00:56]} Kxf5 {[%clk 0:01:25]} 23. a5
{[%clk 0:00:47]} b5 {[%clk 0:01:18]} 24. Nb3 {[%clk 0:00:44]} Rac8
{[%clk 0:01:16]} 25. Nc5 {[%clk 0:00:44]} d4 {[%clk 0:01:08]} 26. cxd4
{[%clk 0:00:35]} Nxd4 {[%clk 0:01:08]} 27. Rad1 {[%clk 0:00:26]} h3
{[%clk 0:01:06]} 28. Rfe1 {[%clk 0:00:22]} hxg2 {[%clk 0:00:59]} 29. Kxg2
{[%clk 0:00:22]} Rh4 {[%clk 0:01:00]} 30. Nd3 {[%clk 0:00:18]} e4
{[%clk 0:00:50]} 31. Nc5 {[%clk 0:00:18]} Nf3 {[%clk 0:00:47]} 32. Rd5+
{[%clk 0:00:15]} Kg6 {[%clk 0:00:35]} 33. Rxe4 {[%clk 0:00:11]} Rxe4
{[%clk 0:00:27]} 34. Nxe4 {[%clk 0:00:11]} g4 {[%clk 0:00:29]} 35. Kg3
{[%clk 0:00:11]} Rc4 {[%clk 0:00:27]} 36. Nd6 {[%clk 0:00:11]} Rxb4
{[%clk 0:00:25]} 37. Rxb5 {[%clk 0:00:12]} 1/2-1/2

[Event "Team Championship (men blitz)"]
[Site "Sochi"]
[Date "2017.10.05"]
[Round "14.5"]
[White "Kezin, Roman"]
[Black "Dubov, Daniil"]
[Result "0-1"]
[LiveChessVersion "1.4.8"]
[BlackElo "2775"]
[WhiteElo "2514"]

1. d4 {[%clk 0:03:03]} Nf6 {[%clk 0:03:01]} 2. c4 {[%clk 0:03:04]} e6
{[%clk 0:03:02]} 3. g3 {[%clk 0:03:05]} d5 {[%clk 0:03:01]} 4. Bg2
{[%clk 0:03:06]} Bb4+ {[%clk 0:03:01]} 5. Bd2 {[%clk 0:03:07]} Be7
{[%clk 0:03:02]} 6. Nf3 {[%clk 0:03:08]} c6 {[%clk 0:03:03]} 7. O-O
{[%clk 0:03:08]} Nbd7 {[%clk 0:03:04]} 8. Qc2 {[%clk 0:03:09]} b6
{[%clk 0:03:05]} 9. Rd1 {[%clk 0:03:03]} Bb7 {[%clk 0:03:06]} 10. Bf4
{[%clk 0:02:57]} O-O {[%clk 0:02:59]} 11. Nc3 {[%clk 0:02:53]} dxc4
{[%clk 0:02:57]} 12. Nd2 {[%clk 0:02:34]} Nd5 {[%clk 0:02:38]} 13. Nxc4
{[%clk 0:02:34]} Nxf4 {[%clk 0:02:38]} 14. gxf4 {[%clk 0:02:35]} Qc7
{[%clk 0:02:34]} 15. e3 {[%clk 0:02:35]} Nf6 {[%clk 0:02:31]} 16. Rac1
{[%clk 0:02:34]} Rac8 {[%clk 0:02:32]} 17. Ne5 {[%clk 0:02:07]} Qb8
{[%clk 0:02:29]} 18. Ne4 {[%clk 0:01:54]} Rc7 {[%clk 0:02:15]} 19. Nxf6+
{[%clk 0:01:46]} Bxf6 {[%clk 0:02:15]} 20. Qb3 {[%clk 0:01:12]} Rfc8
{[%clk 0:02:05]} 21. Rc3 {[%clk 0:01:12]} g6 {[%clk 0:01:39]} 22. Rdc1
{[%clk 0:01:08]} Qa8 {[%clk 0:01:10]} 23. Qa4 {[%clk 0:00:51]} Bxe5
{[%clk 0:00:49]} 24. fxe5 {[%clk 0:00:51]} c5 {[%clk 0:00:50]} 25. Bxb7
{[%clk 0:00:49]} Qxb7 {[%clk 0:00:51]} 26. dxc5 {[%clk 0:00:38]} bxc5
{[%clk 0:00:38]} 27. b3 {[%clk 0:00:36]} Rd8 {[%clk 0:00:33]} 28. Qf4
{[%clk 0:00:22]} Rcd7 {[%clk 0:00:29]} 29. e4 {[%clk 0:00:23]} Rd4
{[%clk 0:00:24]} 30. Rc4 {[%clk 0:00:23]} Rd1+ {[%clk 0:00:16]} 31. Rxd1
{[%clk 0:00:21]} Rxd1+ 32. Kg2 Rd4 {[%clk 0:00:17]} 33. Qe3 {[%clk 0:00:18]} Rxc4
{[%clk 0:00:17]} 34. bxc4 {[%clk 0:00:18]} Qc7 {[%clk 0:00:18]} 35. f4
{[%clk 0:00:16]} Qa5 {[%clk 0:00:19]} 36. Qe2 {[%clk 0:00:07]} Qc3
{[%clk 0:00:20]} 37. Kf2 {[%clk 0:00:04]} Kg7 {[%clk 0:00:21]} 38. Kg2
{[%clk 0:00:05]} a5 {[%clk 0:00:20]} 39. Kf2 {[%clk 0:00:04]} a4 {[%clk 0:00:21]}
40. Kg2 {[%clk 0:00:06]} a3 {[%clk 0:00:23]} 41. Kf2 {[%clk 0:00:05]} h6
{[%clk 0:00:22]} 42. Kg2 {[%clk 0:00:06]} g5 {[%clk 0:00:21]} 43. fxg5
{[%clk 0:00:05]} hxg5 {[%clk 0:00:22]} 44. Qg4 {[%clk 0:00:05]} Qxe5
{[%clk 0:00:22]} 45. h4 {[%clk 0:00:04]} Kg6 {[%clk 0:00:20]} 46. Kh3
{[%clk 0:00:03]} Qc3+ {[%clk 0:00:18]} 47. Kg2 {[%clk 0:00:04]} Qb2+
{[%clk 0:00:19]} 48. Kh3 {[%clk 0:00:05]} Qc3+ {[%clk 0:00:20]} 49. Kg2
{[%clk 0:00:06]} Qd2+ {[%clk 0:00:21]} 50. Kg3 0-1

[Event "Team Championship (men blitz)"]
[Site "Sochi"]
[Date "2017.10.05"]
[Round "14.6"]
[White "Morozevich, Alexander"]
[Black "Antonenko, Vladimir"]
[Result "1-0"]
[LiveChessVersion "1.4.8"]
[BlackElo "2423"]
[WhiteElo "2642"]

1. e4 {[%clk 0:03:03]} d6 {[%clk 0:03:03]} 2. Nc3 {[%clk 0:03:03]} Nf6
{[%clk 0:03:04]} 3. f4 {[%clk 0:03:05]} g6 {[%clk 0:03:06]} 4. Nf3
{[%clk 0:03:05]} Bg7 {[%clk 0:03:07]} 5. d4 {[%clk 0:03:06]} c5 {[%clk 0:03:07]}
6. dxc5 {[%clk 0:03:06]} Qa5 {[%clk 0:03:08]} 7. Qd4 {[%clk 0:03:07]} dxc5
{[%clk 0:03:09]} 8. Qc4 {[%clk 0:03:05]} Be6 {[%clk 0:02:27]} 9. Qb5+
{[%clk 0:03:02]} Qxb5 {[%clk 0:02:27]} 10. Bxb5+ {[%clk 0:03:03]} Nfd7
{[%clk 0:01:51]} 11. Ng5 {[%clk 0:03:00]} a6 {[%clk 0:01:01]} 12. Nxe6
{[%clk 0:02:55]} fxe6 {[%clk 0:01:01]} 13. Bc4 {[%clk 0:02:52]} Nf8
{[%clk 0:00:34]} 14. e5 {[%clk 0:02:46]} g5 {[%clk 0:00:26]} 15. fxg5
{[%clk 0:02:30]} Bxe5 {[%clk 0:00:22]} 16. Ne4 {[%clk 0:02:31]} Nbd7
{[%clk 0:00:21]} 17. c3 {[%clk 0:02:28]} b5 {[%clk 0:00:20]} 18. Be2
{[%clk 0:02:28]} Ng6 {[%clk 0:00:12]} 19. g3 {[%clk 0:02:28]} b4 {[%clk 0:00:06]}
20. O-O {[%clk 0:02:27]} Rf8 {[%clk 0:00:06]} 21. Rd1 {[%clk 0:02:27]} bxc3
{[%clk 0:00:05]} 22. bxc3 {[%clk 0:02:29]} a5 {[%clk 0:00:05]} 23. Rb1
{[%clk 0:02:30]} Rd8 {[%clk 0:00:03]} 24. Bb5 {[%clk 0:02:24]} Bc7
{[%clk 0:00:00]} 1-0

[Event "Team Championship (men blitz)"]
[Site "Sochi"]
[Date "2017.10.05"]
[Round "14.7"]
[White "Gubsky, Egor"]
[Black "Savchenko, Boris"]
[Result "0-1"]
[LiveChessVersion "1.4.8"]
[BlackElo "2630"]
[WhiteElo "2369"]

1. d4 {[%clk 0:03:03]} Nf6 {[%clk 0:03:03]} 2. c4 {[%clk 0:03:05]} g6
{[%clk 0:03:03]} 3. Nc3 {[%clk 0:03:06]} Bg7 {[%clk 0:03:04]} 4. e4
{[%clk 0:03:07]} d6 {[%clk 0:03:06]} 5. Nf3 {[%clk 0:03:08]} O-O {[%clk 0:03:06]}
6. Be2 {[%clk 0:03:09]} e5 {[%clk 0:03:07]} 7. O-O {[%clk 0:03:10]} exd4
{[%clk 0:03:07]} 8. Nxd4 {[%clk 0:03:11]} Re8 {[%clk 0:03:09]} 9. f3
{[%clk 0:03:12]} c6 {[%clk 0:03:07]} 10. Nc2 {[%clk 0:03:11]} Na6
{[%clk 0:02:51]} 11. Rf2 {[%clk 0:03:11]} Nc5 {[%clk 0:02:42]} 12. Be3
{[%clk 0:03:00]} Qc7 {[%clk 0:02:35]} 13. Bf1 {[%clk 0:03:00]} Nfd7
{[%clk 0:02:34]} 14. Rd2 {[%clk 0:02:58]} Bf8 {[%clk 0:02:33]} 15. Bf4
{[%clk 0:02:51]} Ne5 {[%clk 0:02:33]} 16. b4 {[%clk 0:02:49]} Ne6
{[%clk 0:02:30]} 17. Bg3 {[%clk 0:02:50]} a5 {[%clk 0:02:26]} 18. a3
{[%clk 0:02:44]} h5 {[%clk 0:02:14]} 19. f4 {[%clk 0:02:38]} axb4
{[%clk 0:02:09]} 20. axb4 {[%clk 0:02:15]} Rxa1 {[%clk 0:02:09]} 21. Nxa1
{[%clk 0:02:16]} h4 {[%clk 0:01:56]} 22. fxe5 {[%clk 0:02:13]} hxg3
{[%clk 0:01:56]} 23. exd6 {[%clk 0:02:14]} Qb6+ {[%clk 0:01:57]} 24. Kh1
{[%clk 0:01:23]} Qxb4 {[%clk 0:01:57]} 25. Na2 {[%clk 0:01:12]} Qa3
{[%clk 0:01:58]} 26. d7 {[%clk 0:01:05]} Bxd7 {[%clk 0:01:58]} 27. Rxd7
{[%clk 0:01:06]} Qxa2 {[%clk 0:01:56]} 28. Nc2 {[%clk 0:01:02]} Nc5
{[%clk 0:01:53]} 29. Rd4 {[%clk 0:00:44]} Nxe4 {[%clk 0:01:50]} 30. Rxe4
{[%clk 0:00:35]} Rxe4 {[%clk 0:01:50]} 31. hxg3 {[%clk 0:00:36]} Qa5
{[%clk 0:01:45]} 32. Qf3 {[%clk 0:00:33]} Qe5 {[%clk 0:01:39]} 33. Bd3
{[%clk 0:00:32]} Qh8+ {[%clk 0:01:32]} 34. Kg1 {[%clk 0:00:32]} Bc5+
{[%clk 0:01:33]} 0-1

[Event "Team Championship (men blitz)"]
[Site "Sochi"]
[Date "2017.10.05"]
[Round "14.8"]
[White "Bocharov, Dmitry"]
[Black "Bublei, Pavel"]
[Result "1-0"]
[LiveChessVersion "1.4.8"]
[BlackElo "2243"]
[WhiteElo "2653"]

1. c4 {[%clk 0:03:01]} Nf6 {[%clk 0:03:02]} 2. Nc3 {[%clk 0:02:56]} e6
{[%clk 0:03:03]} 3. e4 {[%clk 0:02:53]} d5 {[%clk 0:03:03]} 4. cxd5
{[%clk 0:02:54]} exd5 {[%clk 0:03:02]} 5. e5 {[%clk 0:02:55]} Ne4
{[%clk 0:03:01]} 6. d4 {[%clk 0:02:50]} Nc6 {[%clk 0:02:48]} 7. Bb5
{[%clk 0:02:41]} Bb4 {[%clk 0:02:20]} 8. Nge2 {[%clk 0:02:40]} O-O
{[%clk 0:02:16]} 9. O-O {[%clk 0:02:39]} Nxc3 {[%clk 0:01:41]} 10. bxc3
{[%clk 0:02:39]} Be7 {[%clk 0:01:42]} 11. f4 {[%clk 0:02:36]} Bf5
{[%clk 0:01:14]} 12. Ng3 {[%clk 0:02:35]} Qd7 {[%clk 0:01:15]} 13. Nxf5
{[%clk 0:02:21]} Qxf5 {[%clk 0:01:15]} 14. Bd3 {[%clk 0:02:22]} Qd7
{[%clk 0:01:15]} 15. f5 {[%clk 0:02:23]} f6 {[%clk 0:01:00]} 16. e6
{[%clk 0:02:23]} Qe8 {[%clk 0:00:57]} 17. Qb3 {[%clk 0:02:21]} Bd6
{[%clk 0:00:30]} 18. Qxd5 {[%clk 0:02:09]} Ne7 {[%clk 0:00:26]} 19. Qf3
{[%clk 0:02:06]} c6 {[%clk 0:00:20]} 20. Rb1 {[%clk 0:02:00]} Rb8
{[%clk 0:00:19]} 21. Be4 {[%clk 0:01:59]} Qd8 {[%clk 0:00:14]} 22. g4
{[%clk 0:01:50]} Qc7 {[%clk 0:00:13]} 23. Rb2 {[%clk 0:01:48]} b5
{[%clk 0:00:05]} 24. g5 {[%clk 0:01:43]} fxg5 {[%clk 0:00:06]} 25. Bxg5
{[%clk 0:01:43]} b4 {[%clk 0:00:07]} 26. c4 {[%clk 0:01:40]} c5 {[%clk 0:00:06]}
27. d5 {[%clk 0:01:40]} Be5 {[%clk 0:00:07]} 28. Rg2 {[%clk 0:01:40]} Kh8
{[%clk 0:00:08]} 29. Kh1 {[%clk 0:01:24]} a5 {[%clk 0:00:04]} 30. Qh3
{[%clk 0:01:20]} Bf6 {[%clk 0:00:03]} 31. Bf4 {[%clk 0:01:20]} 1-0

[Event "Team Championship (men blitz)"]
[Site "Sochi"]
[Date "2017.10.05"]
[Round "14.9"]
[White "Artemiev, Vladislav"]
[Black "Tsoi, Dmitry"]
[Result "1-0"]
[LiveChessVersion "1.4.8"]
[BlackElo "2357"]
[WhiteElo "2729"]

1. e4 {[%clk 0:03:01]} d6 {[%clk 0:03:02]} 2. d4 {[%clk 0:03:02]} Nf6
{[%clk 0:03:03]} 3. Nc3 {[%clk 0:03:02]} e5 {[%clk 0:03:04]} 4. Nge2
{[%clk 0:03:02]} Nbd7 {[%clk 0:03:03]} 5. g3 {[%clk 0:03:03]} Be7
{[%clk 0:03:04]} 6. Bg2 {[%clk 0:03:04]} O-O {[%clk 0:03:04]} 7. O-O
{[%clk 0:03:03]} c6 {[%clk 0:03:06]} 8. a4 {[%clk 0:03:04]} b6 {[%clk 0:03:07]}
9. h3 {[%clk 0:02:51]} a6 {[%clk 0:03:07]} 10. Be3 {[%clk 0:02:44]} Rb8
{[%clk 0:03:04]} 11. g4 {[%clk 0:02:43]} b5 {[%clk 0:03:04]} 12. axb5
{[%clk 0:02:44]} axb5 {[%clk 0:03:05]} 13. Ng3 {[%clk 0:02:43]} b4
{[%clk 0:03:04]} 14. Nce2 {[%clk 0:02:43]} Nb6 {[%clk 0:03:03]} 15. b3
{[%clk 0:02:22]} Ne8 {[%clk 0:02:52]} 16. dxe5 {[%clk 0:02:19]} dxe5
{[%clk 0:02:50]} 17. Qxd8 {[%clk 0:02:19]} Bxd8 {[%clk 0:02:51]} 18. Bc5
{[%clk 0:02:20]} Nc7 {[%clk 0:02:46]} 19. Bxf8 {[%clk 0:02:20]} Kxf8
{[%clk 0:02:47]} 20. f4 {[%clk 0:02:10]} exf4 {[%clk 0:02:46]} 21. Nxf4
{[%clk 0:02:10]} Bf6 {[%clk 0:02:47]} 22. Rad1 {[%clk 0:02:11]} Ne6
{[%clk 0:02:42]} 23. Nxe6+ {[%clk 0:01:29]} Bxe6 {[%clk 0:02:42]} 24. Nh5
{[%clk 0:01:28]} Be5 {[%clk 0:02:33]} 25. Nf4 {[%clk 0:01:29]} Bd7
{[%clk 0:02:31]} 26. Nd3 {[%clk 0:01:27]} Bc3 {[%clk 0:02:05]} 27. e5
{[%clk 0:01:28]} Ke7 {[%clk 0:02:02]} 28. Nc5 {[%clk 0:01:25]} Be8
{[%clk 0:02:01]} 29. e6 {[%clk 0:01:22]} fxe6 {[%clk 0:01:45]} 30. Rf2
{[%clk 0:01:20]} Ra8 {[%clk 0:01:32]} 31. Re2 {[%clk 0:01:20]} e5
{[%clk 0:01:33]} 32. Nd3 {[%clk 0:01:11]} Ra5 {[%clk 0:01:31]} 33. Be4
{[%clk 0:01:02]} h5 {[%clk 0:01:26]} 34. Rf1 {[%clk 0:00:47]} hxg4
{[%clk 0:01:24]} 35. hxg4 {[%clk 0:00:49]} Nd5 {[%clk 0:01:17]} 36. Bxd5
{[%clk 0:00:37]} Rxd5 {[%clk 0:01:17]} 37. Kg2 {[%clk 0:00:25]} Bd7
{[%clk 0:00:52]} 38. Kg3 {[%clk 0:00:26]} Be6 {[%clk 0:00:42]} 39. Re4
{[%clk 0:00:26]} c5 {[%clk 0:00:18]} 40. Rh1 {[%clk 0:00:27]} Bd4
{[%clk 0:00:18]} 41. Rh8 {[%clk 0:00:26]} Kf6 {[%clk 0:00:17]} 42. Rf8+
{[%clk 0:00:25]} Ke7 {[%clk 0:00:12]} 43. Rb8 {[%clk 0:00:24]} Kf6
{[%clk 0:00:09]} 44. Rb6 {[%clk 0:00:18]} Rd8 {[%clk 0:00:06]} 45. Rc6
{[%clk 0:00:16]} Ra8 {[%clk 0:00:04]} 46. Nxc5 {[%clk 0:00:13]} Bxc5
{[%clk 0:00:05]} 47. Rxc5 {[%clk 0:00:14]} Ra1 {[%clk 0:00:05]} 48. Rcxe5
{[%clk 0:00:09]} Bd7 {[%clk 0:00:04]} 49. Rd5 {[%clk 0:00:09]} Bc8
{[%clk 0:00:04]} 50. Rd6+ {[%clk 0:00:09]} Kf7 {[%clk 0:00:05]} 51. Rxb4
{[%clk 0:00:10]} Rg1+ {[%clk 0:00:06]} 52. Kf2 {[%clk 0:00:11]} Rc1
{[%clk 0:00:07]} 53. Rc4 {[%clk 0:00:11]} Be6 {[%clk 0:00:07]} 54. Rc7+
{[%clk 0:00:12]} 1-0

[Event "Team Championship (men blitz)"]
[Site "Sochi"]
[Date "2017.10.05"]
[Round "14.11"]
[White "Timofeev, Artyom"]
[Black "Poliakov, Artem"]
[Result "1-0"]
[LiveChessVersion "1.4.8"]
[BlackElo "2185"]
[WhiteElo "2619"]

1. c4 {[%clk 0:03:02]} d6 {[%clk 0:03:03]} 2. Nc3 {[%clk 0:03:02]} g6
{[%clk 0:03:03]} 3. g3 {[%clk 0:03:04]} Bg7 {[%clk 0:03:04]} 4. Bg2
{[%clk 0:03:05]} e5 {[%clk 0:03:05]} 5. e3 {[%clk 0:03:05]} Nc6 {[%clk 0:03:05]}
6. Nge2 {[%clk 0:03:05]} f5 {[%clk 0:03:05]} 7. O-O {[%clk 0:03:06]} Be6
{[%clk 0:03:05]} 8. d3 {[%clk 0:03:05]} Nf6 {[%clk 0:03:03]} 9. Rb1
{[%clk 0:03:06]} O-O {[%clk 0:03:03]} 10. b4 {[%clk 0:03:07]} Rb8
{[%clk 0:03:04]} 11. Qa4 {[%clk 0:03:01]} e4 {[%clk 0:02:48]} 12. Nf4
{[%clk 0:02:45]} Bf7 {[%clk 0:02:46]} 13. dxe4 {[%clk 0:02:42]} fxe4
{[%clk 0:02:45]} 14. b5 {[%clk 0:02:34]} Ne5 {[%clk 0:02:44]} 15. c5
{[%clk 0:02:35]} Nf3+ {[%clk 0:02:40]} 16. Kh1 {[%clk 0:02:35]} g5
{[%clk 0:02:19]} 17. Nfe2 {[%clk 0:02:35]} d5 {[%clk 0:02:20]} 18. Nd4
{[%clk 0:02:19]} g4 {[%clk 0:02:00]} 19. Nf5 {[%clk 0:02:20]} Bh8
{[%clk 0:01:49]} 20. Nh6+ {[%clk 0:02:07]} Kg7 {[%clk 0:01:50]} 21. Nxf7
{[%clk 0:02:08]} Rxf7 {[%clk 0:01:50]} 22. c6 {[%clk 0:02:09]} bxc6
{[%clk 0:01:36]} 23. bxc6 {[%clk 0:02:05]} Rxb1 {[%clk 0:01:36]} 24. Nxb1
{[%clk 0:02:06]} Qd6 {[%clk 0:01:27]} 25. Bb2 {[%clk 0:02:01]} Kg8
{[%clk 0:01:24]} 26. Qxa7 {[%clk 0:01:58]} Qxc6 {[%clk 0:01:09]} 27. Nc3
{[%clk 0:01:59]} Nd7 {[%clk 0:01:03]} 28. Rc1 {[%clk 0:01:55]} Nb6
{[%clk 0:00:25]} 29. h3 {[%clk 0:01:19]} gxh3 {[%clk 0:00:15]} 30. Bxf3
{[%clk 0:01:20]} Rxf3 {[%clk 0:00:12]} 31. Nxe4 {[%clk 0:01:21]} Qd7
{[%clk 0:00:05]} 32. Rxc7 {[%clk 0:01:07]} Qb5 {[%clk 0:00:06]} 33. Rg7+
{[%clk 0:01:05]} Kf8 {[%clk 0:00:05]} 34. Qe7# {[%clk 0:01:05]} 1-0

[Event "Team Championship (men blitz)"]
[Site "Sochi"]
[Date "2017.10.05"]
[Round "14.12"]
[White "Maltsevskaya, Aleksandra"]
[Black "Hasangatin, Ramil"]
[Result "0-1"]
[LiveChessVersion "1.4.8"]
[BlackElo "2560"]
[WhiteElo "2203"]

1. e4 {[%clk 0:03:03]} d5 {[%clk 0:03:03]} 2. exd5 {[%clk 0:03:04]} Qxd5
{[%clk 0:03:03]} 3. Nc3 {[%clk 0:03:05]} Qd6 {[%clk 0:03:04]} 4. Nf3
{[%clk 0:03:06]} Nf6 {[%clk 0:03:06]} 5. d4 {[%clk 0:03:06]} c6 {[%clk 0:03:07]}
6. Bc4 {[%clk 0:03:04]} Bg4 {[%clk 0:03:07]} 7. Be3 {[%clk 0:02:52]} Nbd7
{[%clk 0:03:08]} 8. h3 {[%clk 0:02:51]} Bh5 {[%clk 0:03:09]} 9. g4 Bg6 10. Qd2
{[%clk 0:02:47]} e6 {[%clk 0:03:11]} 11. O-O-O {[%clk 0:02:46]} Qb4
{[%clk 0:03:08]} 12. Bb3 {[%clk 0:02:45]} Qa5 {[%clk 0:03:06]} 13. g5
{[%clk 0:01:55]} Nd5 {[%clk 0:02:56]} 14. Nxd5 {[%clk 0:01:54]} Qxd2+
{[%clk 0:02:57]} 15. Nxd2 {[%clk 0:01:46]} cxd5 {[%clk 0:02:55]} 16. h4
{[%clk 0:01:46]} Bh5 {[%clk 0:02:46]} 17. Rde1 {[%clk 0:01:45]} b5
{[%clk 0:02:32]} 18. a4 {[%clk 0:01:41]} a6 {[%clk 0:02:33]} 19. Bf4
{[%clk 0:01:29]} Nb6 {[%clk 0:02:30]} 20. axb5 {[%clk 0:01:20]} axb5
{[%clk 0:02:32]} 21. Kb1 {[%clk 0:01:13]} Kd7 {[%clk 0:02:33]} 22. Be5
{[%clk 0:01:11]} Bb4 {[%clk 0:02:27]} 23. c3 {[%clk 0:01:12]} Bf8
{[%clk 0:01:48]} 24. Bc2 {[%clk 0:00:57]} Ra6 {[%clk 0:01:31]} 25. Bd3
{[%clk 0:00:53]} Nc4 {[%clk 0:01:32]} 26. Kc2 {[%clk 0:00:48]} Bd6
{[%clk 0:01:25]} 27. Bxg7 {[%clk 0:00:45]} Rha8 {[%clk 0:01:24]} 28. Bxc4
{[%clk 0:00:28]} bxc4 {[%clk 0:01:24]} 29. Be5 {[%clk 0:00:27]} Bg6+
{[%clk 0:01:20]} 30. Kd1 {[%clk 0:00:23]} Bd3 {[%clk 0:01:21]} 31. Nf3
{[%clk 0:00:16]} Rb8 {[%clk 0:01:12]} 32. Bxd6 {[%clk 0:00:16]} Rxb2
{[%clk 0:01:06]} 33. Kc1 {[%clk 0:00:13]} Rc2+ {[%clk 0:01:06]} 0-1